000
00279nam a2200109Ia 4500
008
201217s9999 xx 000 0 und d
100
_a
Bertsekas, Dimitri and Gallager, Robert
245
0
_a
Data Networks
260
_a
Englewood Cliffs
_b
Prentice Hall
300
_a
486
942
_c
BK
999
_c
7650
_d
7650